[Event "Verona-chT Serie C/9 51st"]
[Site "Verona"]
[Date "2019.03.17"]
[Round "4.3"]
[White "Minei, Giovanni"]
[Black "Velluti, Alberto"]
[Result "0-1"]
[WhiteElo "1598"]
[BlackElo "1762"]
[PlyCount "64"]
[EventDate "2019.03.15"]
[EventType "team-tourn"]
[EventRounds "5"]
[EventCountry "ITA"]
[SourceTitle "EXT 2022"]
[Source "ChessBase"]
[SourceDate "2021.10.06"]
[SourceVersion "1"]
[SourceVersionDate "2021.10.06"]
[SourceQuality "1"]
[WhiteTeam "Rovigo"]
[BlackTeam "Venezia Nono Risorto"]
[WhiteTeamCountry "ITA"]
[BlackTeamCountry "ITA"]

1. Nf3 d5 2. d4 Nf6 3. e3 Bg4 4. c4 c6 5. Nc3 Nbd7 6. b3 e5 7. h3 exd4 8. exd4 Bb4 9. Qd3 Qe7+ 10. Be2 Bf5 11. Qxf5 Bxc3+ 12. Bd2 Bxa1 13. 0-0 Bb2 14. cxd5 cxd5 15. Bb5 0-0 16. Re1 Qd8 17. Bb4 Re8 18. Ne5 Qb6 19. Bxd7 Qxb4 20. Re3 Re7 21. Rg3 Nxd7 22. Nxd7 Qxd4 23. Rg4 Qd1+ 24. Kh2 Rae8 25. Qh5 Re1 26. b4 Rh1+ 27. Kg3 Qd3+ 28. f3 Bc3 29. Rf4 Be1+ 30. Kg4 Qg6+ 31. Qxg6 hxg6 32. Rd4 Rg1 0-1

[Event "Mogliano Veneto op-C 31st"]
[Site "Mogliano Veneto"]
[Date "2010.05.01"]
[Round "3"]
[White "Vomiero, Luciano"]
[Black "Minei, Giovanni"]
[Result "1/2-1/2"]
[WhiteElo "1464"]
[BlackElo "1583"]
[PlyCount "109"]
[EventDate "2010.04.30"]
[EventType "swiss"]
[EventRounds "5"]
[EventCountry "ITA"]
[SourceTitle "EXT 2023"]
[Source "ChessBase"]
[SourceDate "2022.10.05"]
[SourceVersion "1"]
[SourceVersionDate "2022.10.05"]
[SourceQuality "1"]

1. e4 c6 2. d3 d5 3. exd5 cxd5 4. Nf3 Bg4 5. Be2 Nc6 6. d4 Nf6 7. 0-0 e6 8. c3 h6 9. Nbd2 Bd6 10. h3 Bh5 11. Ne1 Bxe2 12. Qxe2 0-0 13. Ndf3 Qb6 14. Nd3 Rfe8 15. Bf4 Bxf4 16. Nxf4 Qc7 17. Nd3 Rac8 18. Nde5 a6 19. Nxc6 bxc6 20. Qxa6 c5 21. Qd3 cxd4 22. Nxd4 Ne4 23. Rfe1 Qf4 24. Qf3 Qg5 25. Qe3 Qf6 26. Qf3 Qh4 27. Re2 f5 28. Kh2 Ng5 29. Qg3 Qxg3+ 30. Kxg3 Kf7 31. Kh2 Kf6 32. Rae1 e5 33. f4 Ne4 34. fxe5+ Rxe5 35. Rf1 g6 36. g4 Nd6 37. Rxe5 Kxe5 38. gxf5 gxf5 39. Re1+ Ne4 40. Re2 f4 41. Nf3+ Kf5 42. Rg2 Ng3 43. Nd4+ Ke4 44. Ne6 Rc6 45. Nxf4 Nf1+ 46. Kg1 Ne3 47. Rg6 Rc8 48. Ng2 d4 49. Nxe3 dxe3 50. Kf1 Rf8+ 51. Ke1 Rf2 52. Re6+ Kf3 53. Rf6+ Kg2 54. Rg6+ Kf3 55. Rf6+ 1/2-1/2

[Event "Chioggia op 1st"]
[Site "Chioggia"]
[Date "2006.01.29"]
[Round "2"]
[White "Minei, Giovanni"]
[Black "Boscolo Bragadin, Aldo"]
[Result "0-1"]
[WhiteElo "1580"]
[BlackElo "1700"]
[PlyCount "80"]
[EventDate "2006.01.28"]
[EventType "swiss"]
[EventRounds "6"]
[EventCountry "ITA"]
[SourceTitle "EXT 2022"]
[Source "ChessBase"]
[SourceDate "2021.10.06"]
[SourceVersion "1"]
[SourceVersionDate "2021.10.06"]
[SourceQuality "1"]

1. d4 d5 2. Nf3 Nf6 3. c4 e6 4. Bg5 c6 5. Nc3 Be7 6. e3 Nbd7 7. Bd3 h6 8. Bh4 dxc4 9. Bxc4 Nb6 10. Bd3 Nbd5 11. 0-0 Qa5 12. Qb3 0-0 13. e4 Nxc3 14. bxc3 Qh5 15. e5 Nd5 16. Bxe7 Nxe7 17. Rfe1 Nd5 18. Re4 f5 19. Rh4 Qg6 20. Rd1 Rb8 21. c4 Ne7 22. Rf4 Qf7 23. Nd2 a6 24. a4 Bd7 25. Bb1 Qh5 26. Rf3 b5 27. Rh3 bxc4 28. Qc2 Qf7 29. Nxc4 Ng6 30. Nd6 Qe7 31. g4 Rb4 32. Rg3 Nf4 33. Kh1 g5 34. Rdg1 Rfb8 35. Re3 Rb2 36. Nxf5 exf5 37. Ba2+ Be6 38. Bxe6+ Qxe6 39. Qxf5 Rxf2 40. Rb1 Qd5+ 0-1